000
00235nam a2200097Ia 4500
008
170619s9999 xx 000 0 und d
100
_a
Tiwari- S D
245
0
_a
Mathawapurna sasna deshon kaa sangrah
260
_b
Geeta Tiwari
260
_c
2003
546
_a
ENGLISH
999
_c
17185
_d
17185